Performance management in the Baltic states and Russia: success against the odds? (Record no. 74662)

000 -LEADER
fixed length control field 01556pab a2200181 454500
008 - FIXED-LENGTH DATA ELEMENTS--GENERAL INFORMATION
fixed length control field 180718b2007 xxu||||| |||| 00| 0 eng d
100 ## - MAIN ENTRY--PERSONAL NAME
Personal name Verheijen, Tony
245 ## - TITLE STATEMENT
Title Performance management in the Baltic states and Russia: success against the odds?
260 ## - PUBLICATION, DISTRIBUTION, ETC.
Date of publication, distribution, etc. 2007
300 ## - PHYSICAL DESCRIPTION
Extent p.205-15.
362 ## - DATES OF PUBLICATION AND/OR SEQUENTIAL DESIGNATION
Dates of publication and/or sequential designation Jun
520 ## - SUMMARY, ETC.
Summary, etc. This article analyses the public management reform process in Latvia, Lithuania and Russia, the only three post-Communist states that have sought to introduce comprehensive performance management systems in the public sector. The central premise of the article is that the introduction of such reforms can be successful even in public management systems that are not `advanced'. This systems are not suitable for `developing' countries. The article concludes that if sufficient political support and a dedicated reform team in the civil service are present, and performance management systems are introduced in a step-by-step manner, significant improvement in the effectiveness and efficiency of public management systems can be achieved. The case of the two Baltic States studied in the article, which moved from being laggards in the EU accession process to among its best performing members, provides a strong argument that a more radical approach to public management reform can pay off, even in public management systems in development. - Reproduced.
650 ## - SUBJECT ADDED ENTRY--TOPICAL TERM
Topical term or geographic name entry element Performance appraisal
700 ## - ADDED ENTRY--PERSONAL NAME
Personal name Dobrolyubova, Yelena
773 ## - HOST ITEM ENTRY
Main entry heading International Review of Administrative Sciences
908 ## - PUT COMMAND PARAMETER (RLIN)
Put command parameter N
909 ## -
-- 74662
Holdings
Withdrawn status Lost status Damaged status Not for loan Permanent Location Current Location Date acquired Serial Enumeration / chronology Barcode Date last seen Price effective from Koha item type
        Indian Institute of Public Administration Indian Institute of Public Administration 2018-07-19 Volume no: 73, Issue no: 2 AR75122 2018-07-19 2018-07-19 Articles

Powered by Koha